Q302 vessel certification manual

Αποθηκεύτηκε σε:
Λεπτομέρειες βιβλιογραφικής εγγραφής
Συγγραφή απο Οργανισμό/Αρχή: Technical Marine Bureau D.N.Petrongonas & Associates
Μορφή: Βιβλίο
Γλώσσα:English
Δημοσίευση: [Piraeus?] : [s.n.], [199-]
Θέματα:
Ετικέτες: Προσθήκη ετικέτας
Δεν υπάρχουν, Καταχωρήστε ετικέτα πρώτοι!

MARC

LEADER 00000cam a2200000 i 4500
001 1/67732
008 020528s eng d
035 |l 10001950 
040 |a GR-MY-UA  |b gre  |e aacr 
041 0 |a eng 
082 0 |a 341.75665 
245 1 0 |a Q302 vessel certification manual /  |c Technical Marine Bureau D.N.Petrongonas & Associates 
260 |a [Piraeus?] :   |b [s.n.],   |c [199-] 
300 |a 1 v. 
650 0 0 |a Ship registers. 
650 0 0 |a Law of the sea. 
650 0 0 |a Maritime law. 
650 0 0 |a Ships  |x Safety regulations. 
710 2 |a Technical Marine Bureau D.N.Petrongonas & Associates. 
852 |a INST  |b CHIOS  |e 20020528  |h 341.75665 VES  |p 005200020614  |q 005200020614  |t BK  |y 0 
901 |a BIBL2-2002-2 
909 |a Χ  |b 098388 
970 |a ΣΑΛΑΜΟΥΡΑ  |b ΜΑΡΙΑ  |z 2002/05/28